| 000 | 00000nam 2200000za 4500 |
| 001 | 9.674980 |
| 003 | CaOODSP |
| 005 | 20250505143359 |
| 007 | cr ||||||||||| |
| 008 | 150407|2009||||xxc|||||o f|0| 0 cre d |
| 020 | |a978-0-662-03304-2 |
| 040 | |aCaOODSP|bfre |
| 043 | |an-cn--- |
| 086 | 1 |aPS4-69/2009Cre-PDF|zPS4-69/2009Rc-PDF |
| 110 | 1 |aCanada. |bSécurité publique Canada. |
| 245 | 10|aLes victimes d'actes criminels : |h[ressource électronique]|bse tiennent au courant. |
| 250 | |a[Édition cri]. |
| 260 | |aOttawa - Ontario : |bSécurité publique Canada |cc2009. |
| 300 | |a13p. |
| 546 | |aTexte en cri. |
| 590 | |a13-13-Supp|b2013-05-21 |
| 691 | 07|aVictime|2gcpds |
| 791 | |tVictims of crime : |eeng|w(CaOODSP)9.674979 |
| 856 | 40|ahttp://publications.gc.ca|qPDF|s1.18 Mo|uhttps://publications.gc.ca/collections/collection_2013/sp-ps/PS4-69-2009-cre.pdf |